|
|
|
|
| LEADER |
00000cam a22000004a 4500 |
| 001 |
musev2_44928 |
| 003 |
MdBmJHUP |
| 005 |
20230905044711.0 |
| 006 |
m o d |
| 007 |
cr||||||||nn|n |
| 008 |
160226s1972 nju o 00 0 eng d |
| 020 |
|
|
|a 9781400882755
|
| 020 |
|
|
|z 9780691007557
|
| 020 |
|
|
|z 9780691051468
|
| 035 |
|
|
|a (OCoLC)966782625
|
| 040 |
|
|
|a MdBmJHUP
|c MdBmJHUP
|
| 100 |
1 |
|
|a Hamerow, Theodore S.
|
| 245 |
1 |
0 |
|a Restoration, Revolution, Reaction :
|b Economics and Politics in Germany, 1815-1871 /
|c by Theodore S. Hamerow.
|
| 250 |
|
|
|a [Fourth print.].
|
| 264 |
|
1 |
|a Princeton, N.J. :
|b Princeton University Press,
|c 1972, 1958.
|
| 264 |
|
3 |
|a Baltimore, Md. :
|b Project MUSE,
|c 2017
|
| 264 |
|
4 |
|c ©1972, 1958.
|
| 300 |
|
|
|a 1 online resource (360 pages).
|
| 336 |
|
|
|a text
|b txt
|2 rdacontent
|
| 337 |
|
|
|a computer
|b c
|2 rdamedia
|
| 338 |
|
|
|a online resource
|b cr
|2 rdacarrier
|
| 490 |
0 |
|
|a Princeton paperbacks ;
|v 40
|
| 588 |
|
|
|a Description based on print version record.
|
| 651 |
|
7 |
|a Deutschland.
|2 swd
|
| 651 |
|
7 |
|a Deutschland
|2 gnd
|
| 651 |
|
7 |
|a Germany.
|2 fast
|0 (OCoLC)fst01210272
|
| 651 |
|
6 |
|a Allemagne
|x Politique et gouvernement
|y 1789-1900.
|
| 651 |
|
6 |
|a Allemagne
|x Conditions economiques
|y 19e siecle.
|
| 651 |
|
0 |
|a Germany
|x Politics and government
|y 1789-1900.
|
| 651 |
|
0 |
|a Germany
|x Economic conditions
|y 19th century.
|
| 650 |
|
7 |
|a Wirtschaft
|2 gnd
|
| 650 |
|
7 |
|a Politics and government
|2 fast
|0 (OCoLC)fst01919741
|
| 650 |
|
7 |
|a Economic history.
|2 fast
|0 (OCoLC)fst00901974
|
| 650 |
|
7 |
|a HISTORY
|z Europe
|z Germany.
|2 bisacsh
|
| 650 |
|
7 |
|a BUSINESS & ECONOMICS
|x Reference.
|2 bisacsh
|
| 650 |
|
7 |
|a BUSINESS & ECONOMICS
|x Economics
|x General.
|2 bisacsh
|
| 655 |
|
7 |
|a Electronic books.
|2 local
|
| 710 |
2 |
|
|a Project Muse.
|e distributor
|
| 830 |
|
0 |
|a Book collections on Project MUSE.
|
| 856 |
4 |
0 |
|z Texto completo
|u https://projectmuse.uam.elogim.com/book/44928/
|
| 945 |
|
|
|a Project MUSE - Custom Collection
|
| 945 |
|
|
|a Project MUSE - Archive Complete Supplement V
|
| 945 |
|
|
|a Project MUSE - Archive History Supplement V
|